| 000 | 01089cam a2200253 4500 | ||
|---|---|---|---|
| 001 | ABS65998 | ||
| 008 | 021105n2002 000 0 eng u | ||
| 035 | _a(Sirsi) u120374 | ||
| 100 | _aAmbrose, J | ||
| 245 | 4 | _aThe art market - post 9/11 | |
| 260 | _c2002 | ||
| 490 |
_aThe Arts Surveyor _vOctober 2002, 10-11(2) |
||
| 520 | _aConsiders the effects of the September 11 terrorist attacks on the art market. Suggests that the art market does not always feel the impact of stock market slumps and highlights that auction sale room prices were already falling with a 8% drop between October 2000 and April 2001. Charts the growth of the art market during the 1990s, pointing to high and low points, and provides mixed opinions from auction houses on the market since the terrorist attacks. Artprice at www.artprice.com | ||
| 590 | _aABS | ||
| 650 | _aART MARKET | ||
| 650 | _aTERRORISM | ||
| 650 | _aFINE ART | ||
| 650 | _aAUCTION HOUSES | ||
| 650 | _aSALE PRICES | ||
| 650 | _aSTOCK MARKET | ||
| 690 |
_aArts and antiques _96217 |
||
| 700 | _aKhatri, M | ||
| 942 | _n0 | ||
| 999 |
_c71526 _d71526 |
||